Σκοπός της Θείας ενανθρωπήσεως

Αποθηκεύτηκε σε:
Λεπτομέρειες βιβλιογραφικής εγγραφής
Κύριος συγγραφέας: Γερομίχαλος, Αθανάσιος Γρ
Μορφή: Βιβλίο
Γλώσσα:Greek
Δημοσίευση: Εν Αθήναις : [χ.ό.], 1952.
Θέματα:
Ετικέτες: Προσθήκη ετικέτας
Δεν υπάρχουν, Καταχωρήστε ετικέτα πρώτοι!

MARC

LEADER 00000cam a2200000 i 4500
001 1/29123
008 060510s1952 gr | ||| |||| ||gre||
035 |l 10083822 
040 |a GR-MY-UA  |b gre  |e aacr 
041 0 |a gre 
082 7 |a 231   |2 (22) 
100 1 |a Γερομίχαλος, Αθανάσιος Γρ. 
245 1 0 |a Σκοπός της Θείας ενανθρωπήσεως   |h [ανάτυπο] /   |c Αθανάσιου Γρ. Γερομίχαλου.  
260 |a Εν Αθήναις :   |b [χ.ό.],   |c 1952.  
300 |a 68 σ. ;   |c 24 εκ.  
500 |a Με: Η έννοια του Θεού κατά την σύγχρονον επιστήμην και φιλοσοφίαν. - Η έννοια της διπλής γνώσεως κατά τον Γρηγόριον Παλαμάν [ανάτυπο] / υπό Πανάγ. Κ. Χρήστου. - Ο υπαρκτικός διάλογος κατά τους θεολόγους της Καππαδοκίας / υπό Παναγιώτου Κ. Χρήστου. - Η περί Θεού γνώσις / Αθανάσιου Γρ. Γερομίχαλου. - Ο λόγος του Θεού κατά την παράδοσιν [ανάτυπο] / Νικ. Ματσούκα. - Η φιλοσοφία του υπαρξισμού και ο σύγχρονος κόσμος [ανάτυπο] / Νικολάου Ματσούκα. - Κυβερνητική και θεολογία [ανάτυπο] / Κωνσταντίνου Ε. Παπαπέτρου. - Πρόσωπα και θέματα [ανάτυπο](R. Bultmann, P. Tillich, D. Bonhoeffer, K. Rahner) / Κωνσταντίνου Ε. Παπαπέτρου. - Η καθυστέρησις στις "πνευματικές επιστήμες" [ανάτυπο] / Κωνσταντίνου Ε. Παπαπέτρου. - Φύσις και πολιτισμός [ανάτυπο] / Κωνσταντίνου Ε. Παπαπέτρου. - Θρησκευτικότης και υποκρισία [ανάτυπο] / Κωνσταντίνου Ε. Παπαπέτρου. - Μαρτυρία και διακονία εν τη Κ. Διαθήκη / Γεωργίου Αντ. Γαλίτη. - Η οδός προς τηνν τελείωσιν [ανάτυπο] ερμηνευτική επεξεργασία του τέλους της Α' προς Θεσσαλονικείς επιστολής / Γεώργιου Αντ. Γαλίτη. - Το ηθικόν νόημα του περί τριάδος δόγματος / Γεώργιου Ι. Μαντζαρίδου. - Η απόλυτος αξίωσις του χριστιανισμού και η ελπίς [ανάτυπο] / Κωνσταντίνου Ε. Παπαπέτρου. - Χριστολογικά και εκκλησιολογικά τινά εκ των του άσματος των ασμάτων [ανάτυπο] / Αμαλίας Σπουρλάκου - Ευτυχιάδου. - Ο άνθρωπος εν τη Καινή Διαθήκη [ανάτυπο] / Π. Ι. Μπρατσιώτου. - Χριστιανισμός και ελληνικόν πνεύμα / Ν. Ι. Λούβαρι. - Η ανθρώπινη αξιοπρέπεια κατά τους πατέρας της εκκλησίας / Παρθένιου Κ. Πολάκη. - Οι μοναχοί ως κοινωνικοί διδάσκαλοι και εργάται εν τη αρχάια ανατολική εκκλησία / Ανδρέου Ιω. Φυτράκη. - Θεός και ιστορία εν τη ισραηλίτικη θρησκεία / Βασιλείου Μ. Βέλλα. - Η θεωρία της εξελίξεως των όντων / Αναστάσιου Κ. Πιερίου. - Αι περί εκκλησίας ιδέαι του Ιωάννου Σκαλτσουνή [ανάτυπο] / Δημοσθένους Σ. Σαβραμή. - Ειρηναίου επισκόπου Λουγδούνου: [ανάτυπο] επίδειξις του αποστολικού κηρύγματος / υπό Ιωάννου Δ. Καραβιδόπουλου 
650 0 0 |a God  |x History of doctrines. 
650 0 0 |a Theology, Doctrinal. 
852 |a INST  |b RHODES  |c KRI  |e 20060510  |h  231 ΣΑΚ  |p 005400020881  |q 005400020881  |t BK  |y 0 
901 |a BIBL4-2006-2 
909 |a Ρ  |b 122902 
970 |a ΚΟΖΑ  |b ΜΑΡΙΑ  |z 2006/05/10